Sports Quiz

Random Sports or MLB Quiz

ESPN MLB Top Fantasy Players in 2010 Quiz Stats

 Plays Quiz not verified by Sporcle

Score 0/100 Timer 10:00
0 Plays Today
Rank Player Name % Correct
3Albert Pujols
96.5%
7Roy Halladay
91.7%
1Carlos Gonzalez
90.4%
44Adrian Gonzalez
89.9%
40Cliff Lee
89%
65Alex Rodriguez
89%
70Mark Teixeira
86.8%
12Hanley Ramirez
86.4%
94Alexei Ramirez
86.4%
6Josh Hamilton
86%
11Robinson Cano
86%
66Ryan Howard
85.5%
5Miguel Cabrera
83.8%
33C.C. Sabathia
83.8%
4Joey Votto
82.9%
95Derek Jeter
81.1%
92Joe Mauer
79.4%
78Tim Lincecum
78.5%
79Mariano Rivera
78.5%
13Ryan Braun
77.6%
22Troy Tulowitzki
76.8%
27Evan Longoria
76.8%
100Prince Fielder
76.3%
2Carl Crawford
75%
19Ichiro Suzuki
75%
10Felix Hernandez
74.6%
16Matt Holliday
73.7%
21Adrian Beltre
73.2%
20David Wright
72.8%
9Jose Bautista
71.5%
71B.J. Upton
71.5%
56Delmon Young
70.2%
73Michael Young
70.2%
38Chris Young
69.3%
Rank Player Name % Correct
45Josh Johnson
69.3%
25Jayson Werth
68.9%
26Roy Oswalt
68.4%
59Kelly Johnson
68.4%
85David Ortiz
68.4%
34Brian Wilson
68%
83Matt Kemp
68%
98C.J. Wilson
68%
67Cole Hamels
66.7%
31Rafael Soriano
65.4%
8Adam Wainwright
64.9%
97Johan Santana
64.5%
53Matt Cain
64%
29Vladimir Guerrero
63.2%
30Dan Uggla
62.7%
15Paul Konerko
61.8%
75Jose Reyes
61.8%
54Nelson Cruz
61.4%
62Chris Carpenter
61.4%
80Adam Dunn
61.4%
60Joakim Soria
59.6%
68Nick Swisher
57.9%
43Jon Lester
57.5%
55Ryan Zimmerman
57%
81Vernon Wells
56.6%
42Justin Verlander
54.4%
23Ubaldo Jimenez
53.9%
49Tim Hudson
53.5%
50Aubrey Huff
53.5%
64Shane Victorino
53.1%
84Jonathan Sanchez
52.6%
86Torii Hunter
51.3%
36David Price
50.9%
82Austin Jackson
50.9%
Rank Player Name % Correct
91Brandon Phillips
50.9%
47Brett Gardner
49.1%
32Heath Bell
47.8%
24Shin-Soo Choo
44.7%
52Rickie Weeks
43.9%
48Rajai Davis
43.4%
69Clay Buchholz
43%
57Clayton Kershaw
41.2%
88Billy Butler
41.2%
41Corey Hart
40.4%
35Hunter Pence
39.9%
14Juan Pierre
38.6%
76Martin Prado
38.6%
51Neftali Feliz
37.3%
87Bobby Abreu
36.8%
17Alex Rios
36.4%
28Jered Weaver
35.5%
72Michael Bourn
35.1%
18Billy Wagner
34.2%
46Mat Latos
34.2%
39Andrew McCutchen
32%
77Matt Capps
29.4%
61Trevor Cahill
28.1%
37Angel Pagan
27.6%
63Carlos Marmol
25.4%
96Colby Rasmus
25%
90Andres Torres
21.1%
93Casey McGehee
21.1%
58Drew Stubbs
20.6%
89Brett Myers
14.9%
99Ted Lilly
14.9%
74Scott Podsednik
14%

You're not logged in!

Compare scores with friends on all Sporcle quizzes.
OR
Log In

Show Comments

Extras

Top Quizzes Today


Score Distribution

Your Account Isn't Verified!

In order to create a playlist on Sporcle, you need to verify the email address you used during registration. Go to your Sporcle Settings to finish the process.

Report this User

Report this user for behavior that violates our Community Guidelines.

Details: